Introduction to mechanics / (Record no. 102660)

MARC details
000 -LEADER
fixed length control field 00601nam a22002057a 4500
005 - DATE AND TIME OF LATEST TRANSACTION
control field 20160822151023.0
010 ## - LCCN (DPL NO)
LC control number ENG-115801
020 ## - INTERNATIONAL STANDARD BOOK NUMBER
International Standard Book Number 9788173719813
Terms of availability 650.00
035 ## - SYSTEM CONTROL NUMBER
System control number EN-99333
037 ## - SOURCE OF ACQUISITION
Source of stock number/acquisition DBAD/PUB
082 ## - DEWEY DECIMAL CLASSIFICATION NUMBER
Classification number 531
100 ## - MAIN ENTRY--PERSONAL NAME
Dates associated with a name Verma,Mahendra
245 ## - TITLE STATEMENT
Title Introduction to mechanics /
Statement of responsibility, etc by Mahendra Verma
250 ## - EDITION STATEMENT
Remainder of edition statement 2nd ed
260 ## - PUBLICATION, DISTRIBUTION, ETC. (IMPRINT)
Place of publication, distribution, etc Hydrabad (Telangana)
Name of publisher, distributor, etc Universities Press
Date of publication, distribution, etc 2016
270 ## - ADDRESS
Address 3-6-747/1/A & 3-6-754/1,Himayatnagar
City Hyderabad
Postal code 500029
300 ## - PHYSICAL DESCRIPTION
Extent 608p. :
Other physical details ill
Dimensions 24cm(pbk)
500 ## - GENERAL NOTE
General note Includes index
942 ## - ADDED ENTRY ELEMENTS (KOHA)
Source of classification or shelving scheme Dewey Decimal Classification
Item type English Books
Classification part 531
Call number suffix VER
Holdings
Withdrawn status Lost status Not for loan Home library Current library Date acquired Source of acquisition Cost, normal purchase price Full call number Barcode Copy number Cost, replacement price Koha item type
      D.B.Act.Division Bawana 22/08/2016 DBAD/PUB 650.00 531 VER EN-99333 1 650.00 English Books

© Delhi Public Library
Hit Counter
free hit counter